LIBRARY ONLINE CATALOGUE

Biotechnology : (Record no. 6965)

MARC details
000 -LEADER
fixed length control field 00606nam a22002052 4500
001 - CONTROL NUMBER
control field 0000005275
005 - DATE AND TIME OF LATEST TRANSACTION
control field 20151217152000.0
008 - FIXED-LENGTH DATA ELEMENTS--GENERAL INFORMATION
fixed length control field 070611s xx 000 0 eng d
020 ## - INTERNATIONAL STANDARD BOOK NUMBER
International Standard Book Number 8127217522 :
Terms of availability KES 493
040 ## - CATALOGING SOURCE
Original cataloging agency KABU
Transcribing agency KABU
050 #0 - LIBRARY OF CONGRESS CALL NUMBER
Classification number TP248.2
Item number .S56
100 1# - MAIN ENTRY--PERSONAL NAME
Personal name Singh, B. D.
-- 0000155279
245 10 - TITLE STATEMENT
Title Biotechnology :
Remainder of title expanding horizons /
Statement of responsibility, etc. B. D. Singh.
260 ## - PUBLICATION, DISTRIBUTION, ETC. (IMPRINT)
Place of publication, distribution, etc. Ludhiana :
Name of publisher, distributor, etc. Kalyani Publishers,
Date of publication, distribution, etc. 2004.
300 ## - PHYSICAL DESCRIPTION
Extent xi, 844 p. :
Other physical details ill. ;
Dimensions 24 cm.
650 #0 - SUBJECT ADDED ENTRY--TOPICAL TERM
Topical term or geographic name as entry element Biotechnology.
-- 0000155132
908 ## - PUT COMMAND PARAMETER (RLIN)
Put command parameter 070611
950 ## - LOCAL HOLDINGS (RLIN)
-- 1
Holdings
Withdrawn status Lost status Source of classification or shelving scheme Not for loan Home library Current library Date acquired Total Checkouts Full call number Barcode Date last seen Price effective from Koha item type
    Library of Congress Classification   Kabarak, Main Campus Kabarak, Main Campus 17/12/2015   TP248.2 .S56 008345 17/12/2015 17/12/2015 General Collection